[Event "Miedzywojewodzkie Mistrzostwa Juniorow L"]
[Site "Lublin"]
[Date "2010.09.22"]
[Round "1.2"]
[White "Bartoszek, Marcin"]
[Black "Bednarczyk, Sylwester"]
[Result "0-1"]
[WhiteElo "1801"]
[BlackElo "1483"]
[PlyCount "80"]
[EventDate "2010.??.??"]

1. Nf3 Nf6 2. d4 g6 3. c4 Bg7 4. Nc3 O-O 5. e4 d6 6. Be2 c5 7. d5 Bg4 8. O-O
Nbd7 9. Bg5 Bxf3 10. Bxf3 Ne5 11. Be2 h6 12. Bf4 g5 13. Be3 Ng6 14. Qd2 Nd7 15.
Bh5 Nde5 16. Be2 Qd7 17. f3 Rad8 18. Rab1 f5 19. exf5 Qxf5 20. b3 a6 21. Ne4
Nf4 22. Bd1 g4 23. Ng3 Qf6 24. fxg4 Neg6 25. Bxf4 Nxf4 26. Nf5 e5 27. Bc2 Qg5
28. Ne3 Rde8 29. g3 Ng6 30. h4 Nxh4 31. gxh4 Qxh4 32. Qg2 Rf4 33. Bf5 Rf8 34.
Rf3 Rxf3 35. Qxf3 e4 36. Qf2 Qg5 37. Kh2 Be5+ 38. Kh3 h5 39. Re1 Bd4 40. Qh4
Bxe3 0-1

[Event "Miedzywojewodzkie Mistrzostwa Juniorow L"]
[Site "Lublin"]
[Date "2010.09.22"]
[Round "1.3"]
[White "Bartoszek, Michal"]
[Black "Nowosad, Jan"]
[Result "1/2-1/2"]
[WhiteElo "1646"]
[BlackElo "1594"]
[PlyCount "78"]
[EventDate "2010.??.??"]

1. d4 Nf6 2. c4 c5 3. d5 e5 4. Nc3 d6 5. e4 Be7 6. Bd3 O-O 7. Nge2 Nbd7 8. O-O
Ne8 9. a3 Bg5 10. Bxg5 Qxg5 11. Qc1 Qe7 12. Nd1 g6 13. Qc2 Ng7 14. Ne3 Nf6 15.
g3 Ng4 16. Nxg4 Bxg4 17. Nc3 f5 18. f3 fxe4 19. fxe4 Qg5 20. Qc1 Qe7 21. Qe3 a6
22. Rxf8+ Rxf8 23. Rf1 Rxf1+ 24. Bxf1 Qd7 25. Qg5 Kf7 26. Qh4 h5 27. h3 g5 28.
Qxg5 Bxh3 29. Be2 Bg4 30. Bxg4 Qxg4 31. Qxg4 hxg4 32. b4 b6 33. Na4 cxb4 34.
axb4 Nh5 35. Kf2 Nf6 36. Ke3 Nd7 37. Kd3 Ke7 38. Ke3 Kf7 39. Kd3 Ke8 1/2-1/2

[Event "Miedzywojewodzkie Mistrzostwa Juniorow L"]
[Site "Lublin"]
[Date "2010.09.22"]
[Round "2.2"]
[White "Bednarczyk, Sylwester"]
[Black "Bartoszek, Michal"]
[Result "0-1"]
[WhiteElo "1483"]
[BlackElo "1646"]
[PlyCount "84"]
[EventDate "2010.??.??"]

1. e4 c5 2. Nf3 d6 3. d4 cxd4 4. Nxd4 Nf6 5. Nc3 a6 6. Bc4 e6 7. Be3 Nbd7 8.
Bxe6 Ne5 9. Bb3 Nfg4 10. Bf4 Be7 11. h3 Nf6 12. Qd2 O-O 13. O-O-O Re8 14. Nf3
Qc7 15. Nd5 Nxd5 16. Bxd5 Rb8 17. Nd4 Bd7 18. Bg5 Bf8 19. f4 Nc6 20. Qc3 Qc8
21. Qc4 Nd8 22. Qxc8 Bxc8 23. f5 Bd7 24. Rhf1 Nc6 25. Nxc6 bxc6 26. Bc4 Rxe4
27. Bxa6 Ra4 28. Be2 Rxa2 29. b3 Rba8 30. Bg4 d5 31. Kd2 Bb4+ 32. Kd3 c5 33.
Bd2 Bb5+ 34. c4 dxc4+ 35. bxc4 Rd8+ 36. Ke3 Bxd2+ 37. Rxd2 Raxd2 38. cxb5 Rb2
39. Rc1 Rxb5 40. Be2 Rb3+ 41. Kf2 Rb2 42. Rxc5 Re8 0-1

[Event "Miedzywojewodzkie Mistrzostwa Juniorow "]
[Site "Lublin"]
[Date "2010.09.22"]
[Round "2.3"]
[White "Grabowski, Adam"]
[Black "Bartoszek, Marcin"]
[Result "0-1"]
[WhiteElo "1987"]
[BlackElo "1801"]
[PlyCount "44"]
[EventDate "2010.??.??"]

1. e4 d5 2. exd5 Nf6 3. d4 Nxd5 4. c4 Nb6 5. Nc3 g6 6. Nf3 Bg7 7. Be2 O-O 8. h3
Nc6 9. Be3 e5 10. d5 Ne7 11. O-O Nf5 12. Bc5 Re8 13. Ba3 e4 14. Nh2 Qh4 15. Bg4
Nxc4 16. Qa4 Nfd6 17. Bxd6 Nxd6 18. Rae1 Bxg4 19. Nxg4 f5 20. Ne3 Re7 21. Nc4
Bxc3 22. bxc3 b5 0-1

[Event "Miedzywojewodzkie Mistrzostwa Juniorow "]
[Site "Lublin"]
[Date "2010.09.23"]
[Round "3.2"]
[White "Bartoszek, Michal"]
[Black "Grabowski, Adam"]
[Result "1/2-1/2"]
[WhiteElo "1646"]
[BlackElo "1987"]
[PlyCount "68"]
[EventDate "2010.??.??"]

1. d4 Nf6 2. c4 c5 3. d5 b5 4. cxb5 a6 5. b6 Qxb6 6. Nc3 d6 7. e4 g6 8. a4 a5
9. Nf3 Bg7 10. Bb5+ Bd7 11. Nd2 Bxb5 12. Nxb5 O-O 13. O-O Ne8 14. Nc4 Qb7 15.
Re1 Nc7 16. Nba3 Nd7 17. Bg5 Rfe8 18. Rb1 Nb6 19. Bd2 Nxc4 20. Nxc4 Na6 21.
Nxa5 Qc7 22. Nc4 Reb8 23. b3 Nb4 24. Bxb4 Rxb4 25. Qc2 Rab8 26. Re3 Qa7 27. h3
Ra8 28. Rf3 Qb7 29. Rd1 Qd7 30. Rd2 Bd4 31. Na3 Kg7 32. Nb5 Be5 33. Na3 Rab8
34. Nc4 Bf6 1/2-1/2

[Event "Miedzywojewodzkie Mistrzostwa Juniorow "]
[Site "Lublin"]
[Date "2010.09.23"]
[Round "4.3"]
[White "Bartoszek, Marcin"]
[Black "Bartoszek, Michal"]
[Result "1/2-1/2"]
[WhiteElo "1801"]
[BlackElo "1646"]
[PlyCount "63"]
[EventDate "2010.??.??"]

1. d4 Nf6 2. g3 e6 3. Bg2 d5 4. c4 Bb4+ 5. Bd2 Be7 6. Nf3 O-O 7. O-O c6 8. Nc3
b6 9. Bg5 dxc4 10. Ne5 Bb7 11. Nxc4 Na6 12. a3 Qc8 13. Qc2 c5 14. Bxb7 Qxb7 15.
dxc5 Nxc5 16. Rac1 Rfd8 17. Rfd1 h6 18. Bxf6 Bxf6 19. e3 Qa6 20. Ne4 Nxe4 21.
Qxe4 Rac8 22. Ne5 Rxd1+ 23. Rxd1 Bxe5 24. Qxe5 Qb7 25. Qd6 Qc7 26. Qxc7 Rxc7
27. Kg2 Kf8 28. Kf3 Ke7 29. Rd2 Rc1 30. h4 h5 31. e4 e5 32. Ke3 1/2-1/2

[Event "Miedzywojewodzkie Mistrzostwa Juniorow L"]
[Site "Lublin"]
[Date "2010.09.24"]
[Round "5.3"]
[White "Bednarczyk, Sylwester"]
[Black "Grabowski, Adam"]
[Result "0-1"]
[WhiteElo "1483"]
[BlackElo "1987"]
[PlyCount "88"]
[EventDate "2010.??.??"]

1. e4 e5 2. Nf3 Nc6 3. Bc4 Bc5 4. c3 Nf6 5. d4 exd4 6. cxd4 Bb4+ 7. Bd2 Bxd2+
8. Nbxd2 d5 9. exd5 Nxd5 10. Qb3 Nce7 11. Ne4 O-O 12. Nc3 c6 13. O-O Nb6 14.
Bxf7+ Rxf7 15. Ne5 Ned5 16. Nxf7 Kxf7 17. Ne4 Nd7 18. Nd6+ Kg8 19. Nxb7 Qb6 20.
Qxb6 axb6 21. Nd6 N7f6 22. Nxc8 Rxc8 23. Rfe1 Kf7 24. Rac1 Nb4 25. Rc4 Nfd5 26.
a3 Nd3 27. Rb1 b5 28. Rc2 N3f4 29. g3 Ne6 30. Rd1 Ke7 31. Kf1 Kd6 32. Ke2 Ra8
33. f4 Ra4 34. Rcd2 Ne7 35. Kf3 g6 36. g4 Ra8 37. Kg3 Nd5 38. f5 gxf5 39. gxf5
Rg8+ 40. Kh4 Nef4 41. Rf1 Rf8 42. Kg4 h5+ 43. Kg5 Rg8+ 44. Kh4 Rg4# 0-1

[Event "Miedzywojewodzkie Mistrzostwa Juniorow "]
[Site "Lublin"]
[Date "2010.09.25"]
[Round "7.2"]
[White "Bartoszek, Michal"]
[Black "Bednarczyk, Sylwester"]
[Result "1-0"]
[WhiteElo "1646"]
[BlackElo "1483"]
[PlyCount "59"]
[EventDate "2010.??.??"]

1. d4 Nf6 2. c4 g6 3. Nc3 Bg7 4. e4 d6 5. f3 O-O 6. Be3 Nbd7 7. Qd2 Re8 8.
O-O-O c5 9. dxc5 dxc5 10. Bxc5 Qc7 11. Ba3 a6 12. Kb1 Nb6 13. Nd5 Nfxd5 14.
cxd5 Na4 15. Rc1 Qb6 16. Ne2 Bd7 17. Ka1 Rac8 18. Rxc8 Rxc8 19. f4 Qf2 20. e5
Bf5 21. Qd1 Rc2 22. h3 Be4 23. Rg1 Bh6 24. g3 Bxd5 25. Qxc2 Bf3 26. b3 Nb6 27.
Bc5 Qe1+ 28. Kb2 Nd5 29. Bg2 Qxe2 30. Qxe2 1-0

[Event "Miedzywojewodzkie Mistrzostwa Juniorow L"]
[Site "Lublin"]
[Date "2010.09.25"]
[Round "7.3"]
[White "Bartoszek, Marcin"]
[Black "Grabowski, Adam"]
[Result "1-0"]
[WhiteElo "1801"]
[BlackElo "1987"]
[PlyCount "87"]
[EventDate "2010.??.??"]

1. e4 e5 2. Nf3 Nc6 3. d4 exd4 4. Nxd4 Bc5 5. Be3 Qf6 6. c3 Nge7 7. Bc4 O-O 8.
O-O Bxd4 9. cxd4 d5 10. exd5 Na5 11. Bd3 b6 12. Qc2 h6 13. b4 Nb7 14. Nc3 Nd6
15. Ne4 Nxe4 16. Bxe4 Bb7 17. Qxc7 Bxd5 18. Bd3 Nc6 19. a3 Rac8 20. Qf4 Qxf4
21. Bxf4 Nxd4 22. Rac1 Nb3 23. Rc7 Rxc7 24. Bxc7 Rc8 25. Re1 Be6 26. Be5 Nc1
27. Ba6 Rc2 28. Bb8 Rc3 29. a4 Na2 30. b5 Bb3 31. a5 bxa5 32. Bxa7 Nb4 33. Bb7
Rc7 34. Re8+ Kh7 35. Be4+ f5 36. Bxf5+ g6 37. Rc8 Rxa7 38. b6 Re7 39. Rc7 gxf5
40. Rxe7+ Kg6 41. b7 Nc6 42. Rc7 Nb8 43. Rc8 Na6 44. Rc6+ 1-0

[Event "Miedzywojewodzkie Mistrzostwa Juniorow "]
[Site "Lublin"]
[Date "2010.09.25"]
[Round "8.2"]
[White "Grabowski, Adam"]
[Black "Bartoszek, Michal"]
[Result "1/2-1/2"]
[WhiteElo "1987"]
[BlackElo "1646"]
[PlyCount "73"]
[EventDate "2010.??.??"]

1. e4 c5 2. Nf3 d6 3. d4 cxd4 4. Nxd4 Nf6 5. Nc3 a6 6. Bc4 e6 7. O-O b5 8. Bb3
b4 9. Na4 Nxe4 10. Qe1 d5 11. Be3 Be7 12. f3 Nf6 13. Qg3 O-O 14. Nb6 Nh5 15.
Qg4 Nf6 16. Qg3 Nh5 17. Qe5 Bf6 18. Qxh5 Qxb6 19. Rad1 Qc7 20. f4 Bb7 21. Rf3
g6 22. Qh6 Bg7 23. Qh4 Nd7 24. Qe7 a5 25. Ba4 Rad8 26. Qh4 Bf6 27. Qf2 Be7 28.
Rh3 Nc5 29. Bb5 Ne4 30. Qe1 Qc8 31. Bd3 Ba6 32. Nb3 a4 33. Nc1 f5 34. Bd4 Qb7
35. Qe3 Rc8 36. Ne2 Bb5 37. Rh6 1/2-1/2

[Event "Miedzywojewodzkie Mistrzostwa Juniorow "]
[Site "Lublin"]
[Date "2010.09.26"]
[Round "9.3"]
[White "Bartoszek, Michal"]
[Black "Bartoszek, Marcin"]
[Result "0-1"]
[WhiteElo "1646"]
[BlackElo "1801"]
[PlyCount "102"]
[EventDate "2010.??.??"]

1. d4 e6 2. c4 Nf6 3. Nc3 Bb4 4. e3 c5 5. Nge2 b6 6. a3 Ba5 7. Qc2 O-O 8. Nf4
Bxc3+ 9. bxc3 Nc6 10. Bd3 Ba6 11. O-O Na5 12. e4 Bxc4 13. e5 Bxd3 14. Qxd3 Ne8
15. Be3 c4 16. Qc2 d6 17. Qe2 Qc7 18. exd6 Qxd6 19. Nh3 Nf6 20. Bf4 Qc6 21.
Rfe1 Nd5 22. Bd2 Nb3 23. Ra2 Rfd8 24. Ng5 Nxd2 25. Qxd2 Nf6 26. a4 Rd5 27. Nf3
Ra5 28. Ne5 Qd5 29. Qe2 Rc8 30. Rb1 Qe4 31. Qxe4 Nxe4 32. Rc1 f6 33. Ng4 h5 34.
Ne3 e5 35. d5 Nd6 36. Rd1 f5 37. Nc2 b5 38. f3 Rxa4 39. Rxa4 bxa4 40. Ra1 Rb8
41. Nb4 a5 42. Nc6 Rb3 43. Rxa4 Rxc3 44. Rxa5 e4 45. fxe4 Nxe4 46. Ra8+ Kh7 47.
Kf1 Rc1+ 48. Ke2 Rc2+ 49. Kf1 Rf2+ 50. Kg1 c3 51. Ra1 Rd2 0-1